01413nam a22002057a 450000500170000000800410001702000150005804000070007304100080008008200230008810000170011124500700012826000350019830000300023352008620026365000190112565000190114465000250116370000190118820211231095544.0211231b ||||| |||| 00| 0 eng d a8174362924 cAL aeng 223a956.7044bJACS aSatish Jacob aSatish Jacob From Hotel Palestine Baghdad: Pages From A War Diary aNew Delhi:bRoli Books,c2003. axvi,178 p.bHBc22x14 cm. aSatish Jacob was the only Indian correspondent in Baghdad during the US-led war to topple the Iraqi President. Saddam Hussein. From Baghdad's Hotel Palestine, Satish's spirited reports were the only eyewitness accounts of the drama of those days on Indian television. They were also special in that his perception of the events differed significantly from that of the Western media more prone to accept uncricically the invading armies' version of events. In From Hotel Palestine, Satish Jacob writes of a nation devastated on a whim, and explains Iraq's role in the Arab world, the complex relationships that divide the region's Muslims, Christians and Jews. Above all, he applauds the courage of the Iraqis in this war of unequals, and shows us that while Saddam may be a loathsome monster for some, he is a nation-builder like Turkey's Ataturk to others. aMap of Bhagdad aSaddam Hussein aChronology of Events aJACOB (Satish)